| 000 | 00747nam a22002537a 4500 | ||
|---|---|---|---|
| 008 | 130826b xxu||||| |||| 00| 0 eng d | ||
| 020 | _a0 444 42922 0 | ||
| 024 | _cAvailable | ||
| 037 | _cAvailable | ||
| 040 |
_aMBSTU Lbrary _dMBSTU Lbrary |
||
| 082 | _a591.8761 CHD | ||
| 100 | _aG.V. Chilingarian | ||
| 110 | _aK.H. Wolf | ||
| 245 | _aDevelopment in Sedimentology | ||
| 260 |
_aNew York _bElsevier _c1988 |
||
| 300 |
_a24.5 cm _b268Page _f1 _g24.5 cm |
||
| 600 | _2Sedimentology Developments Rocks | ||
| 700 | _aG.V. Chilingarian | ||
| 710 | _aK.H. Wolf | ||
| 270 |
_aNew York _bNew York _dUsa |
||
| 365 |
_b9027.00 _d9027.00 |
||
| 942 |
_2ddc _cBK |
||
| 999 |
_c631 _d631 |
||